[Event "Tianjin Binhai Cup 2nd"]
[Site "Tianjin"]
[Date "2020.01.17"]
[Round "8"]
[White "Xie, Kaifan"]
[Black "Lin, Zhaochen"]
[Result "1/2-1/2"]
[WhiteElo "1984"]
[BlackElo "1934"]
[PlyCount "67"]
[EventDate "2020.01.13"]
[EventType "swiss"]
[EventRounds "9"]
[EventCountry "CHN"]
[SourceTitle "CBM 194 Extra"]
[Source "ChessBase"]
[SourceDate "2020.03.31"]
[SourceVersion "1"]
[SourceVersionDate "2020.03.31"]
[SourceQuality "1"]

1. d4 d5 2. c4 e6 3. Nc3 Be7 4. Nf3 Nf6 5. Bg5 h6 6. Bh4 0-0 7. e3 b6 8. Bd3 dxc4 9. Bxc4 Bb7 10. 0-0 Nbd7 11. Qe2 Ne4 12. Bg3 Nxc3 13. bxc3 Nf6 14. Nd2 c5 15. Rfd1 cxd4 16. cxd4 Rc8 17. f3 Nd5 18. Qd3 b5 19. Bxd5 Qxd5 20. e4 Qd7 21. Nb3 Rfd8 22. Rac1 b4 23. Qe3 Bg5 24. Bf4 Bf6 25. Rxc8 Rxc8 26. d5 exd5 27. Qxa7 Qb5 28. e5 Bd8 29. Kh1 Ra8 30. Qc5 Qxc5 31. Nxc5 Bc6 32. Nd3 Be7 33. Bd2 Ra4 34. Rb1 1/2-1/2

[Event "Tianjin Binhai Cup 2nd"]
[Site "Tianjin"]
[Date "2020.01.13"]
[Round "1"]
[White "Lin, Zhaochen"]
[Black "Zhang, Yichi B"]
[Result "1/2-1/2"]
[WhiteElo "1934"]
[BlackElo "1634"]
[PlyCount "84"]
[EventDate "2020.01.13"]
[EventType "swiss"]
[EventRounds "9"]
[EventCountry "CHN"]
[SourceTitle "CBM 194 Extra"]
[Source "ChessBase"]
[SourceDate "2020.03.31"]
[SourceVersion "1"]
[SourceVersionDate "2020.03.31"]
[SourceQuality "1"]

1. e4 e6 2. d4 d5 3. Nd2 c5 4. Ngf3 Nc6 5. exd5 exd5 6. Bb5 Bd6 7. dxc5 Bxc5 8. 0-0 Nge7 9. Nb3 Bb6 10. Re1 0-0 11. Be3 Bc7 12. Nbd4 Nxd4 13. Nxd4 Qd6 14. g3 Qd8 15. Bf1 Nf5 16. Bg2 Nxe3 17. Rxe3 Bb6 18. Rd3 Be6 19. Qd2 Qf6 20. c3 Rac8 21. Re1 Rfd8 22. Qe2 Rf8 23. Nxe6 fxe6 24. Rf3 Qe7 25. Qxe6+ Qxe6 26. Rxe6 Rxf3 27. Bxf3 Rd8 28. Re2 Rd7 29. Rd2 d4 30. c4 Bc5 31. Bd5+ Kf8 32. Rd1 a5 33. a3 b6 34. Rb1 Re7 35. b4 axb4 36. axb4 Bd6 37. Kf1 Re5 38. Rb2 g5 39. f3 h6 40. Kf2 Ke7 41. Rb3 Kf6 42. h3 Re7 1/2-1/2

[Event "Asia-ch Universities"]
[Site "Tagaytay City"]
[Date "2018.05.28"]
[Round "3"]
[White "Lin, Zhaochen"]
[Black "Miciano, John Marvin"]
[Result "0-1"]
[WhiteElo "1920"]
[BlackElo "2431"]
[PlyCount "106"]
[EventDate "2018.05.27"]
[EventType "swiss"]
[EventRounds "9"]
[EventCountry "PHI"]
[SourceTitle "EXT 2019"]
[Source "ChessBase"]
[SourceDate "2018.10.10"]
[SourceVersion "1"]
[SourceVersionDate "2018.10.10"]
[SourceQuality "1"]

1. e4 d6 2. d4 Nf6 3. Nc3 g6 4. Bg5 Bg7 5. e5 dxe5 6. dxe5 Ng4 7. Qxd8+ Kxd8 8. Rd1+ Bd7 9. e6 fxe6 10. Bc4 Ke8 11. Nf3 Nc6 12. 0-0 Nge5 13. Nxe5 Nxe5 14. Bb3 Nf7 15. Bf4 Nd6 16. Rfe1 Rd8 17. Bg3 Rf8 18. Bxe6 Bxe6 19. Rxe6 Bxc3 20. bxc3 Rd7 21. Rde1 Rf5 22. Bh4 Nc8 23. R6e4 Rfd5 24. Kf1 Rd2 25. R1e2 Rd1+ 26. Re1 Rxe1+ 27. Kxe1 Rd5 28. f3 Kd7 29. Rd4 Ke6 30. Rxd5 Kxd5 31. Kd2 Kc4 32. Bg5 c5 33. g3 b5 34. Bh6 Nb6 35. Bg7 Nd5 36. Be5 a5 37. f4 a4 38. g4 e6 39. a3 Nb6 40. Bc7 Nc8 41. h3 Kd5 42. Kd3 Nd6 43. Bxd6 Kxd6 44. c4 b4 45. Kd2 bxa3 46. Kc1 e5 47. fxe5+ Kxe5 48. Kb1 Kf4 49. Ka2 Kg3 50. Kxa3 Kxh3 51. Kxa4 Kxg4 52. Kb5 h5 53. Kxc5 h4 0-1

[Event "Wch U20 56th"]
[Site "Tarvisio"]
[Date "2017.11.24"]
[Round "10"]
[White "Lin, Zhaochen"]
[Black "Doluweera, Minul Sanjula"]
[Result "0-1"]
[WhiteElo "1852"]
[BlackElo "2154"]
[PlyCount "54"]
[EventDate "2017.11.13"]
[EventType "swiss"]
[EventRounds "11"]
[EventCountry "ITA"]
[SourceTitle "CBM 181 Extra"]
[Source "ChessBase"]
[SourceDate "2017.12.12"]
[SourceVersion "1"]
[SourceVersionDate "2017.12.12"]
[SourceQuality "1"]

1. e4 c5 2. Nf3 d6 3. d4 cxd4 4. Nxd4 Nf6 5. Nc3 g6 6. Be3 a6 7. f3 Bg7 8. Qd2 h5 9. h4 Nbd7 10. Bc4 b5 11. Bb3 Bb7 12. a4 b4 13. Na2 a5 14. Bc4 0-0 15. Bb5 d5 16. exd5 Nxd5 17. Nc6 Bxc6 18. Bxc6 Nxe3 19. Qxe3 Ra6 20. Bd5 Bxb2 21. Rd1 Rd6 22. Ke2 Nf6 23. Bb3 Nd5 24. Bxd5 Rxd5 25. Qb3 Re5+ 26. Kf2 Qb6+ 27. Kg3 Re2 0-1

[Event "Wch U20 56th"]
[Site "Tarvisio"]
[Date "2017.11.22"]
[Round "9"]
[White "Lumachi, Gabriele"]
[Black "Lin, Zhaochen"]
[Result "0-1"]
[WhiteElo "2111"]
[BlackElo "1852"]
[PlyCount "64"]
[EventDate "2017.11.13"]
[EventType "swiss"]
[EventRounds "11"]
[EventCountry "ITA"]
[SourceTitle "CBM 181 Extra"]
[Source "ChessBase"]
[SourceDate "2017.12.12"]
[SourceVersion "1"]
[SourceVersionDate "2017.12.12"]
[SourceQuality "1"]

1. b3 e5 2. Bb2 Nc6 3. e3 g6 4. c4 Bg7 5. g3 d5 6. d3 Nge7 7. a3 0-0 8. Ne2 dxc4 9. bxc4 Bf5 10. Nec3 Qd7 11. e4 Bg4 12. f3 Be6 13. Nd5 b6 14. Bg2 Na5 15. Bc3 c6 16. Nxe7+ Qxe7 17. Bb4 Qd7 18. Bxf8 Bxf8 19. Nc3 Rd8 20. Ne2 Bc5 21. h4 h6 22. g4 Nb7 23. Qc2 Be3 24. Nc3 Qd4 25. Rd1 Nc5 26. Bf1 Bxc4 27. Nd5 Bb3 28. Ne7+ Kf8 29. Nxc6 Bxc2 30. Nxd4 Bxd4 31. Rc1 Ba4 32. Be2 a5 0-1

[Event "Wch U20 56th"]
[Site "Tarvisio"]
[Date "2017.11.13"]
[Round "1"]
[White "Lopez Gonzalez, Abel Fabian"]
[Black "Lin, Zhaochen"]
[Result "1-0"]
[WhiteElo "2384"]
[BlackElo "1852"]
[PlyCount "93"]
[EventDate "2017.11.13"]
[EventType "swiss"]
[EventRounds "11"]
[EventCountry "ITA"]
[SourceTitle "CBM 181 Extra"]
[Source "ChessBase"]
[SourceDate "2017.12.12"]
[SourceVersion "1"]
[SourceVersionDate "2017.12.12"]
[SourceQuality "1"]

1. e4 c6 2. d4 d5 3. Nd2 dxe4 4. Nxe4 Bf5 5. Ng3 Bg6 6. h4 h6 7. h5 Bh7 8. Nf3 Nd7 9. Bd3 Bxd3 10. Qxd3 e6 11. Bd2 Ngf6 12. 0-0-0 Be7 13. Kb1 0-0 14. Ne4 Nxe4 15. Qxe4 Nf6 16. Qe2 Qd5 17. Be3 Ng4 18. Bc1 Bd6 19. Nd2 Nf6 20. Nc4 Bc7 21. g4 Qe4 22. Ne3 Bf4 23. f3 Qh7 24. Nc4 Bxc1 25. Rxc1 Rfd8 26. Rhd1 Rd5 27. Ka1 Rad8 28. c3 Kf8 29. Ne5 Ke7 30. Re1 Rg8 31. f4 Nd7 32. Nc4 Nf8 33. Ne3 Ra5 34. c4 Kd7 35. d5 Kc8 36. dxc6 bxc6 37. c5 Nd7 38. b4 Rb5 39. Nc4 Rxb4 40. Nd6+ Kc7 41. Qa6 Nxc5 42. Qxa7+ Nb7 43. Nxb7 Ra8 44. Rxc6+ Kxc6 45. Qc5+ Kxb7 46. Qxb4+ Kc7 47. Rc1+ 1-0

[Event "CHN-chB"]
[Site "Qinhuangdao"]
[Date "2017.07.16"]
[Round "2"]
[White "Liu, Guanchu"]
[Black "Lin, Zhaochen"]
[Result "1-0"]
[WhiteElo "2452"]
[BlackElo "1867"]
[PlyCount "59"]
[EventDate "2017.07.16"]
[EventType "swiss"]
[EventRounds "11"]
[EventCountry "CHN"]
[SourceTitle "CBM 179 Extra"]
[Source "ChessBase"]
[SourceDate "2017.08.23"]
[SourceVersion "1"]
[SourceVersionDate "2017.08.23"]
[SourceQuality "1"]

1. e4 c6 2. d4 d5 3. e5 Bf5 4. g4 Bd7 5. Nc3 e6 6. Be3 Qb6 7. Na4 Qc7 8. c3 b5 9. Nc5 Bxc5 10. dxc5 Qxe5 11. Nf3 Qc7 12. Qd4 f6 13. Bf4 Qd8 14. g5 Ne7 15. gxf6 gxf6 16. Qxf6 Ng6 17. Qg7 Qe7 18. Qxe7+ Kxe7 19. Bd6+ Kf6 20. Bd3 Rg8 21. h4 h5 22. Kd2 Be8 23. a4 bxa4 24. Rxa4 Nd7 25. Re1 Bf7 26. Ra6 Nb8 27. Bxb8 Rgxb8 28. b4 Rc8 29. Bxg6 Bxg6 30. Nd4 1-0